La problemática actual del Estado y del derecho en Chile /
Αποθηκεύτηκε σε:
| Κύριος συγγραφέας: | |
|---|---|
| Μορφή: | Κείμενο |
| Θέματα: | |
| Ετικέτες: |
Προσθήκη ετικέτας
Δεν υπάρχουν, Καταχωρήστε ετικέτα πρώτοι!
|
MARC
| LEADER | 00000 a a2200000 04500 | ||
|---|---|---|---|
| 001 | 11062 | ||
| 003 | |||
| 040 | |||
| 100 | |a Lechner, Norberto | ||
| 245 | |a La problemática actual del Estado y del derecho en Chile / |c Norberto Lechner | ||
| 650 | |a ESTADO | ||
| 650 | |a POLITICA | ||
| 650 | |a TEORIA | ||
| 650 | |a CHILE | ||
| 773 | |g volumen 8, número 22; páginas 189-210 | ||
| 999 | |c 22868 |d 22868 | ||
